000
00219nam a22000857a 4500
082
_a
005.1 SMA'P
245
_a
SMALL COMPUTER HANDBOOK :PDP 8/E PDP 8/M AND PDP 8/E
260
_a
USA
_b
DIGITAL EQUIPMENYS
_c
1973
942
_c
BK
999
_c
578038
_d
578038